000 00269nam a22001097a 4500
008 230623b xxu||||| |||| 00| 0 eng d
082 _a328.773
_bILL
100 _cGeorge H Ryna
245 _aHandbook of Illinois Government 1991-1992
300 _a139p
942 _2ddc
_cBK
999 _c2380
_d2380